Athletics by Picture - 10,000 m - Statistics

General Stats
  • This quiz has been taken 11 times
  • The average score is 7 of 20
Answer Stats
Picture Hint Answer % Correct
GBR - Olympic champion 2012 & 2016, World champion 2013, 2015 & 2017 Mo Farah
100%
NED - Olympic champion 2020, World champion 2019 Sifan Hassan
82%
ETH - Olympic champion 2004 & 2008, World champion 2003, 2005, 2007 & 2009 Kenenisa Bekele
73%
UGA - WR holder, Olympic champion 2024, World champion 2019, 2022 & 2023 Joshua Cheptegei
64%
ETH - WR holder, World champion 2023 Gudaf Tsegay
45%
ETH - Olympic champion 1996 & 2000, World champion 1993, 1995, 1997 & 1999 Haile Gebrselassie
45%
ETH - Olympic champion 2008 & 2012, World champion 2005, 2007 & 2013 Tirunesh Dibaba
45%
KEN - Olympic champion 2024 Beatrice Chebet
36%
CZE - Olympic champion 1948 & 1952 Emil Zátopek
36%
ETH - World champion 2022 Letesenbet Gidey
36%
ITA - Olympic silver medallist 2024 Nadia Battocletti
36%
KEN - World champion 1991 Moses Tanui
18%
KEN - Olympic silver medallist 1996 & 2000 Paul Tergat
18%
ETH - Olympic champion 2020 Selemon Barega
18%
ETH - Olympic champion 2016, World champion 2017 Almaz Ayana
9%
MOR - Olympic champion 1988 Brahim Boutayeb
9%
ETH - Olympic champion 1992 & 2000, World champion 2001 Derartu Tulu
9%
POR - Olympic champion 1996, World champion 1995 Fernanda Ribeiro
9%
MOR - Olympic champion 1992 Khalid Skah
9%
KEN - World champion 2011 & 2015 Vivian Cheruiyot
0%
No matching quizzes found
Score Distribution
Percent of People with Each Score
Percentile by Number Answered
Your Score History
You have not taken this quiz